[Event "World Junior Girls 2015"]
[Site "Khanty-Mansiysk RUS"]
[Date "2015.09.02"]
[Round "1.1"]
[White "Aulia, Medina Warda"]
[Black "Ivanova, Karina"]
[Result "0-1"]
[WhiteTitle "WGM"]
[BlackTitle "WFM"]
[WhiteElo "2417"]
[BlackElo "2177"]
[WhiteFideId "7101570"]
[BlackFideId "24139750"]
[EventDate "2015.09.02"]

1. e4 c6 2. d4 d5 3. Nc3 dxe4 4. Nxe4 Bf5 5. Ng3 Bg6 6. h4 h6 7. Nf3 Nd7 8. h5
Bh7 9. Bd3 Bxd3 10. Qxd3 e6 11. Bd2 Qc7 12. O-O-O Ngf6 13. Ne4 O-O-O 14. g3 Be7
15. Kb1 c5 16. Nc3 a6 17. Qe2 cxd4 18. Nxd4 Bc5 19. Nb3 Bd6 20. Na4 Qc6 21. Rh4
Kb8 22. Na5 Qb5 23. Qxb5 axb5 24. Nc3 Bc5 25. Be3 Bxe3 26. fxe3 Ne5 27. Rb4
Rxd1+ 28. Nxd1 Nc4 29. Rxb5 Nd6 30. Rb4 Nxh5 31. g4 Nf6 32. Nf2 h5 33. g5 Ng4
34. Nd3 Nxe3 35. c4 h4 36. c5 h3 37. Nf2 h2 38. Nh1 Ndc4 39. Nxc4 Rh4 40. c6
Rxc4 41. Rxc4 Nxc4 42. cxb7 Ne5 43. Kc2 Nf3 44. Kd3 Nxg5 45. Kd4 Kxb7 46. b4 Kc6
47. a4 Nf3+ 48. Ke4 Ne1 49. Kd4 Nc2+ 50. Kc4 Ne3+ 51. Kd4 Nf5+ 52. Ke5 g5 53. a5
g4 54. Kf4 g3 55. Kf3 e5 56. Kg2 e4 0-1

[Event "World Junior Girls 2015"]
[Site "Khanty-Mansiysk RUS"]
[Date "2015.09.02"]
[Round "1.2"]
[White "Paredes Bustamante, Paula"]
[Black "Saduakassova, Dinara"]
[Result "1-0"]
[WhiteTitle "WFM"]
[BlackTitle "WGM"]
[WhiteElo "2156"]
[BlackElo "2409"]
[WhiteFideId "3804992"]
[BlackFideId "13700090"]
[EventDate "2015.09.02"]

1. e4 c5 2. Nf3 e6 3. d4 cxd4 4. Nxd4 Nf6 5. Bd3 Nc6 6. Nxc6 bxc6 7. Qe2 d5 8.
exd5 cxd5 9. O-O Bd6 10. Bg5 Qc7 11. h3 h6 12. Bxf6 gxf6 13. Nc3 Be7 14. Nb5 Qb6
15. c4 a6 16. Nc3 d4 17. Ne4 Bb7 18. b4 f5 19. c5 Qc7 20. Nd2 Rg8 21. f3 Qg3 22.
Kh1 Bg5 23. Qf2 Qf4 24. Nc4 Ke7 25. Qe1 Bh4 26. Qe5 Bg3 27. Qxf4 Bxf4 28. a4 Rg7
29. b5 Rag8 30. Ra2 Bd5 31. Rc2 axb5 32. axb5 Kf6 33. Nb6 Rd8 34. Nxd5+ exd5 35.
b6 Rgg8 1-0

[Event "World Junior Girls 2015"]
[Site "Khanty-Mansiysk RUS"]
[Date "2015.09.02"]
[Round "1.3"]
[White "Ziaziulkina, Nastassia"]
[Black "Kusenkova, Natallia"]
[Result "1-0"]
[WhiteTitle "IM"]
[WhiteElo "2401"]
[BlackElo "2155"]
[WhiteFideId "13505211"]
[BlackFideId "13506501"]
[EventDate "2015.09.02"]

1. e4 e5 2. Nf3 Nc6 3. Bb5 a6 4. Ba4 Nf6 5. O-O Nxe4 6. d4 b5 7. Bb3 d5 8. dxe5
Be6 9. Nbd2 Be7 10. c3 O-O 11. Bc2 f5 12. Nb3 Qd7 13. Re1 Rad8 14. Nbd4 Nxd4 15.
Nxd4 c5 16. Nxe6 Qxe6 17. f4 c4 18. Be3 b4 19. Bd4 a5 20. Qe2 Rb8 21. Rab1 Qc6
22. g4 Qh6 23. Bxe4 fxe4 24. f5 Qh4 25. Bf2 Qh3 26. Qd1 Rbd8 27. Re3 Qh6 28. Rg3
Bg5 29. Bd4 Bf4 30. Rg2 Qg5 31. e6 Be3+ 32. Kh1 Rfe8 33. Rg3 Bxd4 34. Qxd4 Qf4
35. Kg1 Qd6 36. Rd1 Re7 37. Re3 bxc3 38. bxc3 Rb7 39. Rxe4 Rb2 40. Re5 Rxa2 41.
g5 Re8 42. Qa7 Rf8 43. f6 gxf6 44. gxf6 Rxf6 45. Rg5+ Rg6 46. Rxg6+ hxg6 47.
Qf7+ Kh8 48. Qe8+ 1-0

[Event "World Junior Girls 2015"]
[Site "Khanty-Mansiysk RUS"]
[Date "2015.09.02"]
[Round "1.4"]
[White "Amrayeva, Aytan"]
[Black "Abdumalik, Zhansaya"]
[Result "0-1"]
[WhiteTitle "WCM"]
[BlackTitle "WGM"]
[WhiteElo "2145"]
[BlackElo "2380"]
[WhiteFideId "13405101"]
[BlackFideId "13703544"]
[EventDate "2015.09.02"]

1. c4 e5 2. Nc3 Nf6 3. g3 d5 4. cxd5 Nxd5 5. Bg2 Nb6 6. d3 Nc6 7. Nf3 Be7 8. O-O
O-O 9. Be3 Re8 10. Rc1 Bf8 11. Na4 Nd4 12. Nxb6 axb6 13. a3 Bg4 14. Re1 Qd7 15.
Nxd4 exd4 16. Bf4 c6 17. Qb3 Ra5 18. e4 dxe3 19. Bxe3 Rb5 20. Qc3 Be6 21. b4 Rd8
22. Red1 g6 23. Rb1 Bg7 24. Qd2 Ra8 25. Qc1 Ba2 26. Ra1 Bb3 27. Rd2 Rxb4 28. Rb1
Rb5 29. d4 Qe6 30. d5 Rxd5 31. Rxd5 Bxd5 32. Rxb6 Bxg2 33. Kxg2 Qd5+ 34. Kg1 Bf8
35. Rxb7 Rxa3 36. h4 Rd3 37. Rb1 c5 38. Kh2 c4 39. Kg1 c3 40. Kh2 h5 41. Qc2 Bd6
42. Re1 Kh7 43. Qe2 Qc4 44. Kg1 c2 45. Kf1 Bb4 0-1

[Event "World Junior Girls 2015"]
[Site "Khanty-Mansiysk RUS"]
[Date "2015.09.02"]
[Round "1.5"]
[White "Rodriguez Rueda, Paula Andrea"]
[Black "Saranya, J"]
[Result "1-0"]
[WhiteTitle "IM"]
[BlackTitle "WFM"]
[WhiteElo "2358"]
[BlackElo "2144"]
[WhiteFideId "4404564"]
[BlackFideId "5031931"]
[EventDate "2015.09.02"]

1. d4 Nf6 2. c4 g6 3. Nc3 Bg7 4. e4 d6 5. f3 O-O 6. Be3 e5 7. Nge2 Nc6 8. d5 Ne7
9. Qd2 Ne8 10. g4 f5 11. gxf5 gxf5 12. O-O-O f4 13. Bf2 Bf6 14. Kb1 Kh8 15. Nc1
b6 16. h4 Rg8 17. N3e2 Ng6 18. h5 Nf8 19. Nd3 Ng7 20. Qc3 Qe7 21. Nb4 Qf7 22. h6
Ne8 23. Nc6 Rg6 24. Bh3 Rxh6 25. Bxc8 Rxh1 26. Rxh1 Rxc8 27. Nxa7 Ra8 28. Nc6
Ng6 29. b4 Ne7 30. Nxe7 Qxe7 31. a3 Ng7 32. Ka2 Rg8 33. Kb3 Ne8 34. a4 Rg2 35.
Qe1 Qd7 36. a5 bxa5 37. bxa5 c5 38. dxc6 Qxc6 39. Rxh7+ Kxh7 40. Qh1+ Kg8 41.
Qxg2+ Kf7 42. Bb6 Nc7 43. Nc3 Ne6 44. Qh3 Nd4+ 45. Bxd4 exd4 46. Qh7+ Bg7 47.
Qf5+ Ke8 48. Nb5 Be5 49. Qe6+ Kd8 50. Qd5 Qxd5 51. cxd5 d3 52. Na3 Kc7 53. Nb1
Kb7 54. Kc4 Ka6 55. Kxd3 Kxa5 56. Nd2 Kb4 57. Nc4 Kb5 58. Nxe5 dxe5 59. d6 Kc6
60. Kc4 1-0

[Event "World Junior Girls 2015"]
[Site "Khanty-Mansiysk RUS"]
[Date "2015.09.02"]
[Round "1.6"]
[White "Gelip, Ioana"]
[Black "Mammadzada, Gunay"]
[Result "0-1"]
[BlackTitle "WGM"]
[WhiteElo "2139"]
[BlackElo "2355"]
[WhiteFideId "1202260"]
[BlackFideId "13403729"]
[EventDate "2015.09.02"]

1. e4 c5 2. Nf3 d6 3. d4 cxd4 4. Nxd4 Nf6 5. Nc3 a6 6. Bc4 e6 7. Bb3 b5 8. Bg5
Be7 9. Qf3 Qb6 10. O-O-O Nbd7 11. Rhe1 O-O 12. Qg3 Nc5 13. Bh6 Nxb3+ 14. Nxb3
Ne8 15. Be3 Qc7 16. Bg5 f6 17. Be3 b4 18. Ne2 a5 19. Nbd4 e5 20. Nf5 Bxf5 21.
exf5 Rc8 22. c3 Qc4 23. Qf3 Nc7 24. Kb1 e4 25. Qg3 Nb5 26. cxb4 axb4 27. Bh6 Qf7
28. Nd4 Nxd4 29. Rxd4 d5 30. Bf4 Bc5 31. Rd2 Rfe8 32. Qb3 Red8 33. g4 Kf8 34.
Qh3 h6 35. Qb3 Qb7 36. h4 d4 37. Qe6 e3 38. fxe3 Rc6 39. Qb3 Re8 40. Rde2 Qb5
41. g5 fxg5 42. hxg5 Bd6 43. Bxd6+ Rxd6 44. f6 hxg5 45. Rh2 gxf6 46. Rh7 Qf5+
47. Qc2 d3 48. Rh8+ Kg7 49. Qc7+ Rd7 0-1

[Event "World Junior Girls 2015"]
[Site "Khanty-Mansiysk RUS"]
[Date "2015.09.02"]
[Round "1.7"]
[White "Pratyusha, Bodda"]
[Black "Lingur, Zalina"]
[Result "1-0"]
[WhiteTitle "WIM"]
[BlackTitle "WFM"]
[WhiteElo "2326"]
[BlackElo "2128"]
[WhiteFideId "5000629"]
[BlackFideId "34165670"]
[EventDate "2015.09.02"]

1. d4 Nf6 2. c4 e6 3. Nc3 Bb4 4. Qc2 O-O 5. Nf3 c5 6. dxc5 Na6 7. g3 Nxc5 8. Bg2
b6 9. O-O Bb7 10. Nb5 Be4 11. Qd1 Nb7 12. Bf4 a6 13. Nd6 Bxd6 14. Bxd6 Nxd6 15.
Qxd6 Qb8 16. Rfd1 Qb7 17. Rd4 Rac8 18. Rad1 h6 19. h3 Rc7 20. g4 Rfc8 21. b3 b5
22. cxb5 axb5 23. Qf4 Qa8 24. h4 d5 25. g5 hxg5 26. hxg5 Nh5 27. Qg4 g6 28. Nh4
Bxg2 29. Kxg2 Qxa2 30. Nxg6 fxg6 31. Qxe6+ Kh7 32. Rh1 Qc2 33. Rxd5 Qc6 34. Qe4
Kg8 35. Rh4 Re8 36. Qd3 Rxe2 37. Kf1 Re8 38. Qxb5 Qc1+ 39. Kg2 Rf8 40. Rd6 Kg7
41. Qe5+ Kg8 42. Rxg6+ Rg7 43. Rxg7+ Nxg7 44. Qd5+ Ne6 45. Qxe6+ Kg7 46. Qh6+
Kf7 47. Qf6+ Ke8 48. Re4+ Kd7 49. Re7+ 1-0

[Event "World Junior Girls 2015"]
[Site "Khanty-Mansiysk RUS"]
[Date "2015.09.02"]
[Round "1.8"]
[White "Sviridova, Vlada"]
[Black "Bivol, Alina"]
[Result "1/2-1/2"]
[WhiteTitle "WFM"]
[BlackTitle "WIM"]
[WhiteElo "2125"]
[BlackElo "2321"]
[WhiteFideId "24109606"]
[BlackFideId "4100123"]
[EventDate "2015.09.02"]

1. d4 e6 2. c4 Nf6 3. Nf3 Bb4+ 4. Nbd2 O-O 5. a3 Be7 6. e4 d6 7. b3 c5 8. dxc5
dxc5 9. e5 Ng4 10. Bb2 a5 11. Qc2 f5 12. exf6 Bxf6 13. Ne4 Bxb2 14. Qxb2 Nd7 15.
h3 Ngf6 16. Bd3 Nxe4 17. Bxe4 Rf4 18. Qe2 a4 19. Qe3 Rf8 20. b4 Qf6 21. O-O Qf4
22. Rfe1 Qxe3 23. Rxe3 Nf6 24. Bc2 Rd8 25. bxc5 Bd7 26. Ne5 Be8 27. Rb1 Rd2 28.
Be4 Ra5 29. Nf3 Rd8 30. Bxb7 Rxc5 31. Ba6 Rd6 32. Bb5 Rb6 33. Re5 Rxc4 34. Bxc4
Rxb1+ 35. Kh2 Bd7 36. Bxe6+ Bxe6 37. Rxe6 Rb3 38. Re3 Rb2 39. Kg1 Rb1+ 40. Kh2
Rb2 41. Rd3 Rb3 42. Ne5 Rxd3 43. Nxd3 Ne4 44. Nb2 Nc3 45. Kg3 Kf7 46. Kf4 Ke6
47. Ke3 Nb5 48. Nc4 Kd5 49. Kd3 h5 50. f4 Kc5 51. g4 hxg4 52. hxg4 Kd5 53. f5
Nd4 54. Nb6+ Ke5 55. Nd7+ Kd5 56. Nf8 Nc6 57. Ne6 Ne5+ 58. Kc3 Nxg4 59. Nxg7 Ke5
60. Kb4 Ne3 61. Kxa4 Nc2 1/2-1/2

[Event "World Junior Girls 2015"]
[Site "Khanty-Mansiysk RUS"]
[Date "2015.09.02"]
[Round "1.9"]
[White "Osmanodja, Filiz"]
[Black "Milosevic, Jovana"]
[Result "0-1"]
[WhiteTitle "WIM"]
[BlackTitle "WFM"]
[WhiteElo "2309"]
[BlackElo "2117"]
[WhiteFideId "24633569"]
[BlackFideId "900427"]
[EventDate "2015.09.02"]

1. e4 d6 2. d4 Nf6 3. Nc3 e5 4. Nf3 Nbd7 5. Bc4 Be7 6. O-O Nb6 7. Be2 exd4 8.
Nxd4 O-O 9. a4 a5 10. f4 d5 11. e5 Ne4 12. Qd3 f5 13. Nxe4 dxe4 14. Qb3+ Kh8 15.
Rd1 Bc5 16. Be3 Qe7 17. Kh1 Bd7 18. Nb5 Bxb5 19. axb5 a4 20. Bxc5 Qxc5 21. Qc3
Qf2 22. Bh5 Qxf4 23. Qxc7 Qh6 24. e6 Qxh5 25. Qxb6 Rae8 26. Rd7 Qg6 27. Rd6 Rf6
28. Rxa4 h6 29. Qxb7 Rfxe6 30. Rxe6 Qxe6 31. Ra7 Qe5 32. Ra1 Rb8 33. Qc6 Rxb5
34. Qc8+ Kh7 35. Ra8 Rxb2 36. Qg8+ Kg6 37. Ra6+ Kh5 38. Qf7+ Kh4 39. g3+ Kg4 40.
Qg6+ Kf3 41. Qh5+ Kf2 42. Qd1 Qb5 43. Qg1+ Ke2 44. Ra1 Kd2 45. Qc1+ Kc3 46. Qe3+
Kc4 47. Ra8 Kd5 48. Qd2+ Ke6 49. Kg2 Qc6 50. Rd8 e3+ 0-1

[Event "World Junior Girls 2015"]
[Site "Khanty-Mansiysk RUS"]
[Date "2015.09.02"]
[Round "1.10"]
[White "Gaboyan, Susanna"]
[Black "Fataliyeva, Ulviyya"]
[Result "1-0"]
[BlackTitle "WIM"]
[WhiteElo "2107"]
[BlackElo "2301"]
[WhiteFideId "13303627"]
[BlackFideId "13403052"]
[EventDate "2015.09.02"]

1. e4 e6 2. b3 d5 3. Bb2 Nf6 4. exd5 exd5 5. Nf3 Be7 6. Be2 h6 7. O-O Bf5 8. d4
Nbd7 9. Ne5 Nxe5 10. dxe5 Ne4 11. Nc3 c6 12. Nxe4 dxe4 13. c4 Qa5 14. Qc1 O-O
15. a3 Bg5 16. Qc3 Qxc3 17. Bxc3 Rfe8 18. g3 Bd8 19. g4 Bg6 20. Rfd1 Bg5 21. Rd7
b6 22. a4 Rad8 23. Rxa7 Bd2 24. Bxd2 Rxd2 25. Kf1 Rxe5 26. Rd1 Rxd1+ 27. Bxd1
Re6 28. c5 bxc5 29. a5 e3 30. fxe3 Rxe3 31. Ra8+ Kh7 32. a6 Bd3+ 33. Kf2 Re7 34.
a7 Kg6 35. Rd8 Rxa7 36. Rxd3 Kg5 37. Kg3 f5 38. h4+ Kf6 39. Rd6+ Ke5 40. Rxc6
f4+ 41. Kf3 Ra1 42. Bc2 Rf1+ 43. Kg2 Rc1 44. Rxc5+ Kd4 45. Rc4+ Ke3 46. Re4+ Kd2
47. Rxf4 1-0

[Event "World Junior Girls 2015"]
[Site "Khanty-Mansiysk RUS"]
[Date "2015.09.02"]
[Round "1.11"]
[White "Khomeriki, Nino"]
[Black "Hoare, Amy B"]
[Result "1-0"]
[WhiteTitle "WFM"]
[WhiteElo "2296"]
[BlackElo "2088"]
[WhiteFideId "13603191"]
[BlackFideId "418366"]
[EventDate "2015.09.02"]

1. Nf3 d5 2. g3 Bg4 3. Ne5 Bf5 4. Bg2 Nf6 5. c4 c6 6. cxd5 cxd5 7. Nc3 e6 8. g4
Bg6 9. h4 Bd6 10. d4 h5 11. Nxg6 fxg6 12. g5 Ng4 13. Rh3 Qc7 14. Qd3 O-O 15.
Qxg6 Qf7 16. Qxf7+ Rxf7 17. f3 Nc6 18. e3 Nh2 19. Ke2 Raf8 20. Bd2 e5 21. Nb5
Bb8 22. Rxh2 a6 23. Na3 exd4 24. f4 dxe3 25. Bxe3 Re7 26. Bxd5+ Kh8 27. Nc2 Bxf4
28. Rh3 Ne5 29. Rf1 Ng4 30. Bb3 b5 31. Rhf3 Rfe8 32. Rxf4 Nxe3 33. Rf8+ Kh7 34.
Rxe8 1-0

[Event "World Junior Girls 2015"]
[Site "Khanty-Mansiysk RUS"]
[Date "2015.09.02"]
[Round "1.12"]
[White "Leonardi, Caterina"]
[Black "Bayarmaa, Bayarjargal"]
[Result "1-0"]
[BlackTitle "WFM"]
[WhiteElo "2080"]
[BlackElo "2265"]
[WhiteFideId "14601036"]
[BlackFideId "4900260"]
[EventDate "2015.09.02"]

1. d4 Nf6 2. c4 g6 3. Nc3 Bg7 4. e4 d6 5. f4 O-O 6. Nf3 c5 7. d5 e6 8. dxe6 fxe6
9. Bd3 Nc6 10. O-O Nd4 11. Qe1 Bd7 12. Qh4 Qe8 13. Be3 e5 14. fxe5 Ng4 15. Bxd4
cxd4 16. Nd5 dxe5 17. h3 Ne3 18. Nxe3 dxe3 19. Rae1 Rf4 20. Qg3 Bh6 21. Re2 Rd8
22. Rfe1 Bf8 23. Qg5 Bg4 24. hxg4 Rxd3 25. Nxe5 Bh6 26. Qxh6 Qxe5 27. Rxe3 Rd2
28. R3e2 Qd4+ 29. Kh2 Rxe2 30. Rxe2 Rf1 31. Qg5 Rd1 32. Qd5+ Kf8 33. Qxd4 Rxd4
34. b3 Rd3 35. Rf2+ Kg7 36. Rf3 Rd2 37. e5 b6 38. e6 Rxa2 39. Rf7+ Kg8 40. Rb7
Re2 41. e7 Kf7 42. Rxa7 Re3 43. Rb7 Rxb3 44. c5 Rc3 45. cxb6 Rb3 46. g5 Rb5 47.
Kh3 Rb2 48. Kg3 Rb3+ 49. Kf4 Rb5 50. Ke4 Rb2 51. Kd5 Rxg2 52. Rc7 Rxg5+ 53. Kd6
Rg2 54. b7 Rd2+ 55. Ke5 Re2+ 56. Kf4 Rb2 57. e8=Q+ Kxe8 58. Rc8+ Kf7 59. b8=Q
Rxb8 60. Rxb8 Kf6 61. Rb6+ Kg7 62. Ke5 h5 63. Ke4 1-0

[Event "World Junior Girls 2015"]
[Site "Khanty-Mansiysk RUS"]
[Date "2015.09.02"]
[Round "1.13"]
[White "Navrotescu, Andreea-Cristiana"]
[Black "Vasova, Maria"]
[Result "1/2-1/2"]
[WhiteTitle "WFM"]
[WhiteElo "2263"]
[BlackElo "2069"]
[WhiteFideId "675946"]
[BlackFideId "2900955"]
[EventDate "2015.09.02"]

1. d4 d5 2. c4 c6 3. Nf3 Nf6 4. Nc3 dxc4 5. a4 Bf5 6. e3 e6 7. Bxc4 Bb4 8. O-O
Nbd7 9. Nh4 O-O 10. Nxf5 exf5 11. Qc2 Nb6 12. Bb3 Qd7 13. a5 Nbd5 14. e4 Bxc3
15. exd5 Bxd4 16. dxc6 bxc6 17. Ba4 Rac8 18. Ra3 Qd5 19. Rd3 c5 20. Qd1 Ng4 21.
Bc2 Qe5 22. g3 Rfe8 23. Rf3 g6 24. h3 Nf6 25. Ba4 Red8 26. Qc2 Qe4 27. Rf4 Qxc2
28. Bxc2 Nd5 29. Rf3 Nb4 30. Ba4 Bg7 31. b3 Rd5 32. Bb5 Rcd8 33. Bg5 Rb8 34. Bc4
Rd7 35. Rc1 Bd4 36. Bf4 Rbd8 37. Bg5 Rc8 38. Bb5 Rb7 39. Bc4 Re8 40. Bd2 Rbb8
41. Bxb4 1/2-1/2

[Event "World Junior Girls 2015"]
[Site "Khanty-Mansiysk RUS"]
[Date "2015.09.02"]
[Round "1.14"]
[White "Bengtsson, Jessica"]
[Black "Michelle Catherina, P"]
[Result "0-1"]
[BlackTitle "WIM"]
[WhiteElo "2056"]
[BlackElo "2259"]
[WhiteFideId "1711083"]
[BlackFideId "5005736"]
[EventDate "2015.09.02"]

1. e4 e5 2. Nf3 Nc6 3. Bb5 Nge7 4. Nc3 g6 5. d4 exd4 6. Nd5 Bg7 7. Bg5 h6 8. Bf6
Bxf6 9. Nxf6+ Kf8 10. Nxd4 Kg7 11. Qd2 Ng8 12. Nxg8 Rxg8 13. O-O-O Qf6 14. h4 h5
15. c3 a6 16. Bc4 Nxd4 17. Qxd4 Qxd4 18. cxd4 d6 19. Rhe1 Re8 20. Rd3 c6 21. Bb3
a5 22. Kd2 b5 23. Rf3 Ra7 24. a3 c5 25. dxc5 dxc5 26. Bc2 c4 27. Kc3 Be6 28. e5
Rb8 29. b4 cxb3 30. Bxb3 b4+ 31. axb4 Bxb3 32. Kxb3 Rxb4+ 33. Ka3 Rxh4 34. e6
fxe6 35. Rxe6 Rg4 36. g3 Rf7 37. Rxf7+ Kxf7 38. Ra6 a4 39. Rb6 Kg7 40. Rd6 Kh7
41. Kb2 g5 42. Kc2 h4 43. gxh4 gxh4 44. Rd3 Kg6 45. Kd2 Re4 46. f3 Rb4 47. Ke2
Kg5 48. Kf2 Rb2+ 49. Ke1 h3 50. f4+ Kg4 0-1

[Event "World Junior Girls 2015"]
[Site "Khanty-Mansiysk RUS"]
[Date "2015.09.02"]
[Round "1.15"]
[White "Drogovoz, Irina"]
[Black "Thomas, Anysia"]
[Result "1-0"]
[WhiteElo "2253"]
[BlackElo "2035"]
[WhiteFideId "4176715"]
[BlackFideId "670472"]
[EventDate "2015.09.02"]

1. d4 Nf6 2. c4 g6 3. Nc3 d5 4. cxd5 Nxd5 5. Bd2 Nb6 6. e3 Bg7 7. f4 c5 8. dxc5
N6d7 9. Na4 e5 10. Nf3 exf4 11. exf4 O-O 12. Be2 Qe7 13. Rc1 Re8 14. Bc3 Nc6 15.
Bxg7 Kxg7 16. Rc2 Nf6 17. b3 Bf5 18. Rb2 Rad8 19. Qc1 Bd3 20. O-O Bxe2 21. Re1
Rd1 22. Rxe2 Qxe2 23. Qxd1 Qxa2 24. Rxe8 Nxe8 25. Nd4 Nxd4 26. Qxd4+ Nf6 27. Nc3
Qxb3 28. g4 Qe6 29. g5 Qg4+ 30. Kf2 Qh4+ 31. Kf1 Qh3+ 32. Ke1 Qe6+ 33. Kd2 h6
34. Nd5 hxg5 35. fxg5 Kf8 36. Nxf6 Qa2+ 37. Ke3 Qe6+ 38. Qe4 Qh3+ 39. Kd4 Qc8
40. Qh4 Qd8+ 41. Ke4 Qe7+ 42. Kf3 Qd8 43. Qh8+ Ke7 44. Qxd8+ Kxd8 45. Ke4 b6 46.
cxb6 axb6 47. Nd5 Kd7 48. Nxb6+ Ke6 49. Nd5 Kd6 50. Nf4 Ke7 51. Ke5 1-0

[Event "World Junior Girls 2015"]
[Site "Khanty-Mansiysk RUS"]
[Date "2015.09.02"]
[Round "1.16"]
[White "Sazonova, Anastasia"]
[Black "Derakhshani, Dorsa"]
[Result "1/2-1/2"]
[WhiteTitle "WFM"]
[BlackTitle "WIM"]
[WhiteElo "2020"]
[BlackElo "2244"]
[WhiteFideId "24131008"]
[BlackFideId "12500330"]
[EventDate "2015.09.02"]

1. d4 Nf6 2. c4 e6 3. Nf3 Bb4+ 4. Nbd2 b6 5. a3 Bxd2+ 6. Qxd2 Bb7 7. e3 Ne4 8.
Qc2 O-O 9. Be2 f5 10. b4 Rf6 11. Bb2 Rh6 12. d5 exd5 13. Nd4 Qg5 14. Bf3 c5 15.
bxc5 bxc5 16. Nb5 Qd8 17. Rd1 d4 18. exd4 a6 19. Nc3 cxd4 20. Rxd4 Nc6 21. Rd5
Ne7 22. Bxe4 fxe4 23. Rg5 Ng6 24. Rg3 e3 25. O-O Qh4 26. Rh3 Qg4 27. f3 Qg5 28.
Rxh6 Qxh6 29. Ne4 Nf4 30. Re1 e2 31. Bc1 Re8 32. Bxf4 Qxf4 33. Qxe2 Rc8 34. Qd3
Bxe4 35. Qxe4 Rxc4 36. Qd5+ Kf8 37. Qa8+ Kf7 38. Qe8+ Kf6 39. Qf8+ Kg6 40. Qe8+
Qf7 41. Qe3 Qd5 42. Qe8+ Kh6 43. h3 Qd2 44. Qe7 Qd4+ 45. Kh1 Rc6 46. Re4 Qd1+
47. Re1 Qd4 48. Re4 Qd1+ 49. Re1 Qd4 1/2-1/2

[Event "World Junior Girls 2015"]
[Site "Khanty-Mansiysk RUS"]
[Date "2015.09.02"]
[Round "1.17"]
[White "Assaubayeva, Bibissara"]
[Black "Monnisha, G K"]
[Result "0-1"]
[WhiteTitle "WFM"]
[BlackTitle "WFM"]
[WhiteElo "2241"]
[BlackElo "2004"]
[WhiteFideId "13708694"]
[BlackFideId "5009936"]
[EventDate "2015.09.02"]

1. d4 Nf6 2. c4 e6 3. Nf3 d5 4. Nc3 dxc4 5. e3 a6 6. a4 b6 7. Bxc4 Bb7 8. O-O
Bb4 9. Qe2 O-O 10. Rd1 Qe7 11. Bd3 Nbd7 12. e4 e5 13. dxe5 Bxc3 14. exf6 Bxf6
15. Bf4 Ne5 16. Bxe5 Bxe5 17. Nxe5 Qxe5 18. Rac1 c5 19. b3 g6 20. Qe3 Rfd8 21.
f3 Rd4 22. Bc4 Rad8 23. Rxd4 Rxd4 24. Qe2 Kg7 25. Bxa6 Qg5 26. f4 Qxf4 27. Rf1
Bxa6 28. Qxa6 Qe3+ 29. Kh1 Qxb3 30. a5 Rd1 31. h3 bxa5 32. Qf6+ Kg8 33. Rxd1
Qxd1+ 34. Kh2 Qd4 35. Qc6 a4 36. Kh1 Kg7 37. Kh2 a3 38. Qa6 Qb2 39. Qd6 a2 40.
e5 Qd4 41. Qf6+ Kg8 0-1

[Event "World Junior Girls 2015"]
[Site "Khanty-Mansiysk RUS"]
[Date "2015.09.02"]
[Round "1.18"]
[White "Badamkhand, Norovsambuu"]
[Black "Terbe, Julianna"]
[Result "1-0"]
[BlackTitle "WFM"]
[WhiteElo "2001"]
[BlackElo "2233"]
[WhiteFideId "4901681"]
[BlackFideId "708780"]
[EventDate "2015.09.02"]

1. d4 d5 2. c4 c6 3. Nc3 dxc4 4. a4 e5 5. dxe5 Qxd1+ 6. Nxd1 Be6 7. Nc3 Na6 8.
Be3 Ne7 9. O-O-O Ng6 10. f4 Bb4 11. Nf3 O-O 12. g3 Ne7 13. Bf2 Nd5 14. Nxd5 Bxd5
15. Bg2 c3 16. bxc3 Bxc3 17. Kc2 Ba5 18. Nh4 Nb4+ 19. Kb2 Bc4 20. Bf3 Rfd8 21.
Nf5 Ba6 22. Bc5 g6 23. Nd6 Nd5 24. Bxd5 cxd5 25. e3 b6 26. Ba3 Be2 27. Rd4 a6
28. Rc1 Bf3 29. Bb4 Bxb4 30. Rxb4 Rab8 31. Rc7 Be4 32. Rb3 f6 33. Rbc3 fxe5 34.
fxe5 b5 35. axb5 axb5 36. h4 b4 37. Rc1 Rf8 38. e6 Rf2+ 39. Kb3 d4 40. Rc8+ Rxc8
41. Rxc8+ Kg7 42. e7 Bd5+ 43. Kxb4 1-0

[Event "World Junior Girls 2015"]
[Site "Khanty-Mansiysk RUS"]
[Date "2015.09.02"]
[Round "1.19"]
[White "Makarenko, Alexandra"]
[Black "Nguyen, Thi Thuy Trien"]
[Result "0-1"]
[WhiteTitle "WFM"]
[BlackTitle "WFM"]
[WhiteElo "2229"]
[BlackElo "1939"]
[WhiteFideId "4165055"]
[BlackFideId "12404179"]
[EventDate "2015.09.02"]

1. e4 d5 2. exd5 Qxd5 3. Nc3 Qa5 4. d4 Nf6 5. Nf3 c6 6. Bc4 Bg4 7. h3 Bh5 8. g4
Bg6 9. Ne5 e6 10. h4 Be4 11. Rh3 Bd5 12. Bf4 Nbd7 13. Nxd7 Nxd7 14. Bf1 h6 15.
a3 Be7 16. Qd2 a6 17. O-O-O Rc8 18. Kb1 Qb6 19. Na4 Qa7 20. c4 Be4+ 21. Ka1 b5
22. Nc3 Bh7 23. d5 cxd5 24. cxd5 e5 25. d6 Bd8 26. Be3 Qb8 27. f4 exf4 28. Bxf4
O-O 29. Bd3 Bxd3 30. Qxd3 b4 31. Nd5 bxa3 32. Qxa3 Rc5 33. Kb1 Qb7 34. Ne7+ Kh8
35. Qe3 Rb5 36. Rh2 Bb6 37. Qd3 Nc5 38. Qd5 Qd7 39. Qf5 Ne6 40. Qe4 Rb8 41. g5
Bd8 42. Nd5 Nc5 43. Qe5 h5 44. Rc2 Na4 45. Bc1 Kg8 46. Qe4 Nc5 47. Qe2 Ra5 48.
Qc4 Nb3 49. Rf2 Ra1+ 50. Kc2 Rc8 51. Nc7 Bxc7 52. Kxb3 Bd8 53. Qxc8 Qxc8 54. d7
Qb7+ 55. Kc2 Qc6+ 56. Kb3 Qa4+ 57. Kc3 Qxd1 0-1

[Event "World Junior Girls 2015"]
[Site "Khanty-Mansiysk RUS"]
[Date "2015.09.02"]
[Round "1.21"]
[White "Ibrahimova, Sabina"]
[Black "Barbier, Astrid"]
[Result "1-0"]
[WhiteTitle "WIM"]
[WhiteElo "2215"]
[BlackElo "1835"]
[WhiteFideId "13403893"]
[BlackFideId "200395"]
[EventDate "2015.09.02"]

1. e4 e5 2. Nf3 Nc6 3. Bb5 Bc5 4. d3 Nd4 5. Nxd4 Bxd4 6. c3 Bb6 7. O-O c6 8. Ba4
d6 9. d4 h6 10. Qd3 Nf6 11. Nd2 O-O 12. Bb3 Qe7 13. a4 a5 14. Bc2 Nh5 15. Nc4
Bc7 16. Qf3 Nf6 17. b3 b5 18. dxe5 dxe5 19. axb5 c5 20. Ne3 Bb6 21. c4 Ne8 22.
Nd5 Qe6 23. Qg3 Bd8 24. Ba3 Be7 25. Nxe7+ Qxe7 26. Qe3 1-0